书目信息 |
| 题名: |
高等师范院校汉语言文学专业教学大纲
|
|
| 作者: | ;北京师范大学出版社 编 | |
| 分册: | 下 | |
| 出版信息: | 北京 北京师范大学出版社 1984 |
|
| 页数: | 389-648页 | |
| 开本: | 19cm | |
| 丛书名: | ||
| 单 册: | ||
| 中图分类: | H192 | |
| 科图分类: | ||
| 主题词: | 汉语--语言教学--教学计划 , 汉语--语言教学--教学大纲 | |
| 电子资源: | ||
| ISBN: | ||
| 000 | 00783nam0 2200241 45 | |
| 001 | 0184002872 | |
| 005 | 20060519083947.56 | |
| 010 | @dCNY2.55(全二册) | |
| 091 | @a10243.29 | |
| 100 | @a19950128d1984 em y0chiy0121 ea | |
| 101 | 0 | @achi |
| 102 | @aCN@b110000 | |
| 105 | @ay z 000yy | |
| 200 | 10 | @a高等师范院校汉语言文学专业教学大纲@Agao deng shi fan yuan xiao han yu yan wen xue zhuan ye jiao xue da gang@h下@f北京师范大学出版社编@FBei JingShi Fan Da Xue Chu Ban She Bian |
| 210 | @a北京@c北京师范大学出版社@d1984 | |
| 215 | @a389-648页@d19cm | |
| 606 | @a汉语@x语言教学@x教学计划 | |
| 606 | @a汉语@x语言教学@x教学大纲 | |
| 690 | @aH192@v3 | |
| 711 | 02 | @a北京师范大学出版社@4编 |
| 801 | 2 | @aCN@bNLC@c20060519 |
| 801 | 0 | @aCN@b上海图书馆@c20060512 |
| 905 | @dH192@e56:2 | |
| 高等师范院校汉语言文学专业教学大纲.下/北京师范大学出版社编.-北京:北京师范大学出版社,1984 |
| 389-648页;19cm |
| ISBN :CNY2.55(全二册) |
| ● |
| 相关链接 |
|
|
|
|
正题名:高等师范院校汉语言文学专业教学大纲
索取号:H192/56:2
 
预约/预借
| 序号 | 登录号 | 条形码 | 馆藏地/架位号 | 状态 | 备注 |
| 1 | 0123911 | 000845553 | 密集书库/ [索取号:H192/56:2] | 在馆 | |
| 2 | 0123912 | 202253916 | 密集书库/ [索取号:H192/56:2] | 在馆 | |
| 3 | 0123913 | 202302677 | 密集书库/ [索取号:H192/56:2] | 在馆 | |
| 4 | 0123914 | 202347013 | 密集书库/ [索取号:H192/56:2] | 在馆 | |
| 5 | 0123915 | 001751045 | 密集书库/ [索取号:H192/56:2] | 在馆 | |
| 6 | 0123916 | 001751544 | 密集书库/ [索取号:H192/56:2] | 在馆 | |
| 7 | 0123917 | 202363913 | 密集书库/ [索取号:H192/56:2] | 在馆 | |
| 8 | 0123918 | 002039877 | 密集书库/ [索取号:H192/56:2] | 在馆 | |
| 9 | 0123920 | 001751456 | 密集书库/ [索取号:H192/56:2] | 在馆 | |
| 10 | 0123921 | 202283304 | 密集书库/ [索取号:H192/56:2] | 在馆 | |
| 11 | 0123922 | 000287558 | 密集书库/ [索取号:H192/56:2] | 在馆 | |
| 12 | 0123923 | 202363904 | 密集书库/ [索取号:H192/56:2] | 在馆 | |
| 13 | 0123924 | 001751410 | 密集书库/ [索取号:H192/56:2] | 在馆 | |
| 14 | 0123925 | 202172558 | 密集书库/ [索取号:H192/56:2] | 在馆 | |
| 15 | 0123926 | 202172273 | 密集书库/ [索取号:H192/56:2] | 在馆 | |
| 16 | 0123927 | 202363959 | 密集书库/ [索取号:H192/56:2] | 在馆 | |
| 17 | 0123928 | 001777580 | 密集书库/ [索取号:H192/56:2] | 在馆 | |
| 18 | 0123929 | 001751465 | 密集书库/ [索取号:H192/56:2] | 在馆 | |
| 19 | 0123930 | 001751508 | 密集书库/ [索取号:H192/56:2] | 在馆 | |
| 20 | 0123931 | 001751009 | 密集书库/ [索取号:H192/56:2] | 在馆 | |
| 21 | 0123932 | 000845679 | 密集书库/ [索取号:H192/56:2] | 在馆 | |
| 22 | 0123933 | 202260025 | 密集书库/ [索取号:H192/56:2] | 在馆 | |
| 23 | 0123934 | 001778302 | 密集书库/ [索取号:H192/56:2] | 在馆 | |
| 24 | 0123936 | 001751385 | 密集书库/ [索取号:H192/56:2] | 在馆 | |
| 25 | 0123937 | 000287629 | 第四借阅区/ [索取号:H192/56:2] | 在馆 | |
| 26 | 0123938 | 202172512 | 密集书库/ [索取号:H192/56:2] | 在馆 | |
| 27 | 0123939 | 000845633 | 第二样本阅览室/ [索取号:H192/56:2] | 在馆 | |
| 28 | 0123940 | 000845599 | 密集书库/ [索取号:H192/56:2] | 在馆 | |
| 29 | 0123941 | 002003940 | 密集书库/ [索取号:H192/56:2] | 在馆 | |
| 30 | 0200726 | 202253952 | 密集书库/ [索取号:H192/56:2] | 在馆 |